| 000 | 00479nam a2200169Ia 4500 | ||
|---|---|---|---|
| 999 |
_c20815 _d20815 |
||
| 003 | OSt | ||
| 005 | 20200615120241.0 | ||
| 008 | 190216s9999||||xx |||||||||||||| ||und|| | ||
| 020 | _a8125006370 | ||
| 040 | _coclc | ||
| 082 |
_a305.52 _bKOT/C |
||
| 100 |
_aKothari, Rajni _91700 |
||
| 245 | 0 |
_aCaste In Indian Politics / _cRajni Kothari |
|
| 260 |
_bOrient Longman, _c2001. _aHyderbad: |
||
| 300 | _a361p | ||
| 942 |
_cBK _2ddc _h305.52 _iKOT/C _k305.52 _mKOT/C |
||